Los dioses de la prehistoria: las religiones en Europa durante el paleolítico

Պահպանված է:
Մատենագիտական մանրամասներ
Հիմնական հեղինակ: Maringer, Johannes (autor)
Ձևաչափ: Գիրք
Լեզու:իսպաներեն
Հրապարակվել է: Barcelona Destino 1962
Խորագրեր:
Ցուցիչներ: Ավելացրեք ցուցիչ
Չկան պիտակներ, Եղեք առաջինը, ով նշում է այս գրառումը!

MARC

LEADER 00000nam a2200000 a 4500
001 UCV8594
003 CL-VaPUC
008 911016e19620000SP |||||||||||||||||spa|d
082 0 4 |a 291.042  |b MAR  |2 21 
100 |a Maringer, Johannes  |e autor  |9 302628 
245 1 4 |a Los dioses de la prehistoria: las religiones en Europa durante el paleolítico 
300 |a 279 p 
942 |c BK 
945 |d 19911016 00:00:00 
260 |a Barcelona  |b Destino  |c 1962 
650 7 |a RELIGION PRIMITIVA  |2 CL-VaPUC  |9 266890 
650 7 |a SOCIEDADES PRIMITIVAS  |2 CL-VaPUC  |9 266737 
650 7 |a RELIGION Y MITOLOGIA  |2 CL-VaPUC  |9 266891 
650 0 |a Pintura rupestre  |9 266892 
583 |a last modification  |c 19911016 00:00:00  |k Rodrigo Vera 
999 |c 214084  |d 214082 
952 |0 0  |1 0  |4 0  |6 291_042000000000000_MAR_1962  |7 0  |8 P  |9 197135  |a BIBARQ  |b BIBARQ  |d 2019-11-14  |i 2648539  |o 291.042 MAR 1962  |p 2648539  |r 2025-01-20  |w 2019-11-14  |y BK  |k ARQ 
952 |0 0  |1 0  |4 0  |6 291_042000000000000_MAR_1962  |7 0  |8 A  |9 197136  |a BIBTEO  |b BIBTEO  |d 2019-11-14  |i 2091690  |o 291.042 MAR 1962  |p 2091690  |r 2024-01-18  |w 2019-11-14  |y BK  |k ICR